The Hunchback of Notre Dame - Characters by Picture - Statistics

General Stats
  • This quiz has been taken 54 times
  • The average score is 6 of 15
Answer Stats
Picture Answer % Correct
Quasimodo
97%
Judge Claude Frollo
76%
Captain Phoebus
68%
Esmerelda
56%
Hugo
47%
Victor
47%
Clopin Trouillefou
44%
Laverne
44%
Djali
38%
Achilles
35%
The Archdeacon
26%
Sarousch
12%
Zephyr
12%
Lady DeBurne
0%
Madellaine
0%
No matching quizzes found
Score Distribution
Percent of People with Each Score
Percentile by Number Answered
Your Score History
You have not taken this quiz